Statistics for FNaF location

Click here to take the quiz!

General Stats

  • This quiz has been taken 112 times
  • The average score is 5 of 6

Answer Stats

QuestionAnswer% Correct
Game: FNaF 2 Room: Where the WITHERED animatronics areParts and service
96%
Game: FNaF 3 Room: Where YOU areOffice
93%
Game: FNaF 6/ Freddy Fazbear's Pizza Simulator Room: Where you interview the salvagesthe Salvage Room
91%
Game: FNaF 1 Room:_______ Hint: This animatronic is in the room, and this animatronic is the answerGolden freddy
70%
Game: FNaF 4 Room: Where a cute plushie turns into an evil animatronicChris Afton's/CC's closet
66%
Game: Sister location Room: where you find your/Micheal Afton/ Eggs Benedict's sistercircus baby auditorium
64%

Score Distribution

Percentile by Number Answered

Percent of People with Each Score

Your Score History

You have not taken this quiz